Europe by Images - 'I' - Statistics

General Stats
  • This quiz has been taken 37 times
  • The average score is 7 of 16
Answer Stats
Picture Hint Answer % Correct
'The Terrible' Ivan
97%
Physicist Isaac Newton
86%
Country Ireland
81%
Brand IKEA
78%
Language Icelandic
72%
City Innsbruck
69%
Sea Ionian
53%
City Inverness
44%
Island Ibiza
36%
Town Interlaken
14%
River Isar
14%
Island Ischia
11%
Actress Isabelle Huppert
3%
Castle Imperial Castle
0%
Food Imqaret
0%
Lake Inari
0%
No matching quizzes found
Score Distribution
Percent of People with Each Score
Percentile by Number Answered
Your Score History
You have not taken this quiz